| 000 | 00393nam a22001697a 4500 | ||
|---|---|---|---|
| 999 |
_c255153 _d255152 |
||
| 003 | OSt | ||
| 005 | 20230324143552.0 | ||
| 008 | 160905b xxu||||| |||| 00| 0 eng d | ||
| 020 | _a9780425234334 | ||
| 040 | _cNA | ||
| 050 |
_aPS3558 _b.A443B85 2010 |
||
| 100 | _aLaurell K.Hamilton | ||
| 245 | _aBullet | ||
| 250 | _a1st ed | ||
| 260 |
_aNew York _bPenguin Group _c2010 |
||
| 942 |
_2lcc _cBK |
||